Central Library, Doon University
WEBOPAC (ONLINE PUBLIC ACCESS CATALOGUE)

Diversity of Plants And Microbes (Record no. 60860)

MARC details
000 -LEADER
fixed length control field 00642nam a22002057a 4500
005 - DATE & TIME
control field 20260523120707.0
008 - FIXED-LENGTH DATA ELEMENTS--GENERAL INFORMATION
fixed length control field 260523b |||||||| |||| 00| 0 eng d
020 ## - ISBN
International Standard Book Number 9789360284091
Price 4450.00
040 ## - CATALOGING SOURCE
Original cataloging agency Doon University
041 ## - Language
Language English
082 ## - DDC NUMBER
Classification number 580
Book Number DIV
100 ## - MAIN ENTRY--PERSONAL NAME
Personal name Das, Abhaya Prasad (ed)
245 ## - TITLE STATEMENT
Title Diversity of Plants And Microbes
Sub Title : Conservation And Traditional Uses
260 ## - PUBLICATION, DISTRIBUTION, ETC. (IMPRINT)
Place of publication, distribution, etc Dehradun
Name of publisher, distributor, etc Bishan Singh Mahindra Pal Singh
Date of publication, distribution, etc 2024
300 ## - PHYSICAL DESCRIPTION
Pages 500
650 ## - Subject
Subject Uttarakhand Collection : Himalaya Collection
700 ## - Added Entry Personal Name
Added Entry Personal Name Tangjang, Sumpam (ed)
700 ## - Added Entry Personal Name
Added Entry Personal Name Wangpang, Tonlong (ed)
942 ## - ADDED ENTRY ELEMENTS (KOHA)
Koha item type Books
100 ## - MAIN ENTRY--PERSONAL NAME
-- 17199
650 ## - Subject
-- 13
700 ## - Added Entry Personal Name
-- 26878
700 ## - Added Entry Personal Name
-- 26879
952 ## - LOCATION AND ITEM INFORMATION (KOHA)
-- 2026-05-23
Holdings
Withdrawn status Lost status Source of classification or shelving scheme Damaged status Not for loan Location (home branch) Sublocation or collection (holding branch) Date acquired Koha full call number Accession No. Koha date last seen Koha item type
          Doon University Doon University 23.05.2026 580 DIV 53948 23.05.2026 Books
Contact : +91-135-2533126 (Library),+91-135-2533105 (Admin Office) , Email : doonlibrary@gmail.com

Powered by Koha